Рисунки (Запис номер 209014)
[ съкратено ]
| 000 -Лидер | |
|---|---|
| Контролно поле с фиксирана дължина | 01856nkm a2200445 c 4500 |
| 003 - Код на организацията, давaща контролен номер | |
| Контролно поле | BLK |
| 005 - Дата и час на последна редакция | |
| Контролно поле | 20200923162948.0 |
| 008 - Елементи от данни с фиксирана дължина | |
| fixed length control field | 180412b bul rap|r|||| r0| ||bulo| |
| 010 ## - Наследен системен номер | |
| LC control number | KNG00082238000 |
| 020 ## - Международен стандартен номер на книга ISBN | |
| Международен стандартен номер на книга ISBN | 978-954-684-171-1 |
| 040 ## - Източник на каталожния запис | |
| Идентификатор на билиотеката - собственик на записа | BLK |
| 041 ## - Код за език | |
| Код за езика на текст/звукозапис или на отделно заглавие | Английски |
| Код за езика КДБФ | Български |
| Други езици | Английски |
| 080 ## - УДК | |
| Текстов определител УДК | Албуми с рисунки |
| УДК код - определител по УДК | 741.9 |
| УДК определител | (497.2)(084) |
| УДК - код + определител | 741.9(497.2)(084) |
| 080 ## - УДК | |
| Текстов определител УДК | Живопис - художници |
| УДК код - определител по УДК | 75.071.1 |
| УДК определител | (497.2)(084)(092) |
| УДК - код + определител | 75.071.1(497.2)(084)(092) |
| 080 ## - УДК | |
| Текстов определител УДК | Български художник |
| УДК код - определител по УДК | 929 Маринов, Марин Николов |
| УДК - код + определител | 929 Маринов, Марин Николов |
| 100 1# - Редна дума - Автор | |
| Автор | Маринов, Марин Николов |
| Авторска отговорност | първи автор |
| R(LIN) | 379889 |
| 139 ## - Редно поле | |
| Редна дума | Маринов, Марин Николов |
| Авторски знак | Мари - М 31 |
| 245 10 - Сведения за заглавието | |
| Заглавие | Рисунки |
| Подзаглавни данни | Албум |
| Редно поле (дума) | Марин Николов Маринов; текст Татяна Вучева. |
| 246 11 - Различни форми на заглавието | |
| Паралелно заглавие | Drawings |
| 257 ## - Страна на издаване | |
| Страна на създаване/издаване | България |
| 260 ## - Област на издателските данни | |
| Име на издателя, разпространителя и проч. | Беллопринт |
| Година на издаване | 2007 |
| 300 ## - Физическа характеристика | |
| Страници | 65 с. |
| Илюстрации и др. | с ил. |
| Размери/Мащаб | 24Х27 см |
| 380 ## - Жанр | |
| Жанр | Изкуство |
| 500 ## - Общи забележки | |
| Забележка | Офс. изд. - Парал. текст на англ. ез. - 300 тир. |
| 600 14 - Име на лице, използвано като предмет | |
| За него / За нея | Маринов, Марин Николов |
| 9 (RLIN) | 379889 |
| 650 #4 - Допълнително описание по предмет – тема | |
| Основно описание – тема или топоним | Рисунка, българска - албуми |
| 9 (RLIN) | 337183 |
| 650 #4 - Допълнително описание по предмет – тема | |
| Основно описание – тема или топоним | Художници, български - албуми |
| 9 (RLIN) | 290224 |
| 650 #4 - Допълнително описание по предмет – тема | |
| Основно описание – тема или топоним | Маринов, Марин Николов |
| 9 (RLIN) | 379889 |
| 651 #4 - Допълнително описание по предмет - топоним | |
| Географско понятие | България |
| 9 (RLIN) | 241624 |
| 653 ## - Ключова дума – ненормативна | |
| Ключова дума | Марин Маринов |
| 653 ## - Ключова дума – ненормативна | |
| Ключова дума | български художници |
| 653 ## - Ключова дума – ненормативна | |
| Ключова дума | рисунки |
| 653 ## - Ключова дума – ненормативна | |
| Ключова дума | албуми |
| 700 1# - Други автори (авторска отговорност) | |
| Лично име | Вучева, Татяна |
| Автороска отговорност (Описва отношението между автора и произведението) | текст |
| 9 (RLIN) | 387022 |
| 852 ## - Местоположение | |
| Форматна сигнатура | Цб 303082 |
| 856 4# - Електронен адрес и достъп | |
| Електронен формат | pdf - файл |
| Път до файла /url/ | |
| 856 4# - Електронен адрес и достъп | |
| Електронен формат | pdf - файл |
| Път до файла /url/ | |
| 999 ## - СИСТЕМНИ КОНТРОЛНИ НОМЕРА | |
| Koha biblionumber | 209014 |
| Koha biblioitemnumber | 209014 |
| 942 ## - АРТИКУЛИ | |
| Вид на библиотечния материал | Графични издания |
| Скрит в OPAC | Не |
| Периодичен библиозапис | Да |
| 944 ## - СЪЗДАВАНЕ И РЕДАКЦИЯ на ЗАПИСА | |
| Създаване/Редакция | Създаване |
| Дата на регистрацията/редакция | 13.03.2008 |
| Служител, извършил регистрацията/редакцията | Людмила_Стоянова |
| 944 ## - СЪЗДАВАНЕ И РЕДАКЦИЯ на ЗАПИСА | |
| Създаване/Редакция | Редакция |
| Дата на регистрацията/редакция | 03.04.2008 |
| 999 ## - СИСТЕМНИ КОНТРОЛНИ НОМЕРА | |
| Koha biblioitemnumber | 209014 |
| Код за отписване | Код за изгубен артикул | Източник на класификационната схема | Код за повреда | Коз за рестрикции | Код за отдаване | Артикулен № | Име на библиотеката - собственик | Име на библиотеката, в която се намира в момента | Статус (Текущо местоположение) | Дата на вписване в системата | Местоположение - отдел | Цена в лева | Инвентарен номер | Систематично азбучна сигнатура | Баркод | Номер на екземпляра | Цена в евро | Служебна бележка | Служебен тип на артикула |
|---|---|---|---|---|---|---|---|---|---|---|---|---|---|---|---|---|---|---|---|
| Не е изгубен | Universal Decimal Classification | Не е повреден | без рестрикции | ползва се в читалня | 360188 | Регионална библиотека "Любен Каравелов" Русе | Регионална библиотека "Любен Каравелов" Русе | Хранилище | 2008-03-12 | Хранилище | 0.00 | 120000724413 | Цб 303082 | 120000724413 | 1 | 0.00 | Дост: Dp Вид: Д N: 2 Дата: 05.12.2007 | Графични издания |